Úrokové sazby ČNB v českém právním řádu úvaha nad současným používaním úrokových sazeb České národní banky v českém právním řádu

Používanie úrokových sadzieb v bankovej praxi Českej republiky. Úrokové sadzby ČNB v českom právnom poriadku. Medzi základné sadzby patrí diskontná sadzba, repo-sadzba a lombardná sadzba, ktoré vyhlasuje Česká národná banka. Príklad využitia diskontnej sadzby v súkromnom práve. Príklad konštrukcie s...

Ausführliche Beschreibung

Gespeichert in:
Bibliographische Detailangaben
1. Verfasser: Ossendorf, Vít
Weitere Verfasser: Hraba, Zdeněk
Format: Buchkapitel
Sprache:Tschechisch
Schlagworte:
Tags: Tag hinzufügen
Keine Tags, Fügen Sie das erste Tag hinzu!

MARC

LEADER 00000naa$a2200000$$$4500
001 0029877
005 20231010083919.4
041 0 |a cze 
044 |a CZ 
245 1 0 |a Úrokové sazby ČNB v českém právním řádu  |b úvaha nad současným používaním úrokových sazeb České národní banky v českém právním řádu  |c Vít Ossendorf, Zdeněk Hraba 
520 |a Používanie úrokových sadzieb v bankovej praxi Českej republiky. Úrokové sadzby ČNB v českom právnom poriadku. Medzi základné sadzby patrí diskontná sadzba, repo-sadzba a lombardná sadzba, ktoré vyhlasuje Česká národná banka. Príklad využitia diskontnej sadzby v súkromnom práve. Príklad konštrukcie súčasného použitia diskontnej sadzby v českých verejnoprávnych predpisoch. Analýza konštrukcie použitia diskontnej sadzby. Vzťahy úrokových sadzieb ako východisko pre návrh riešení. 
610 2 0 |a sadzby úrokové 
610 2 0 |a sadzby diskontné 
610 2 0 |a banky 
610 2 0 |a Česko 
610 2 0 |a poriadok právny 
610 2 0 |a predpisy právne 
100 1 |a Ossendorf, Vít 
700 1 |a Hraba, Zdeněk